Statistics for The Legend of Zelda: Wind Waker Boss quiz

Click here to take the quiz!

General Stats

  • This quiz has been taken 160 times
  • The average score is 5 of 8

Answer Stats

HintAnswer% Correct
FINAL BOSSGanondorf
95%
Dragon Roost CavernGohma
78%
Ganons TowerPuppet Ganon
68%
Forsaken FortressHelmaroc King
64%
Wind TempleMolgera
58%
Tower of the GodsGohdan
48%
Forbidden WoodsKalle Demos
48%
Earth TempleJalhalla
47%

Score Distribution

Percentile by Number Answered

Percent of People with Each Score

Your Score History

You have not taken this quiz